000 01320nam a2200349 i 4500
003 EG-GICUC
005 20260121101452.0
008 251211s2019 ua |||fr|||| 000 0 ara d
017 _a22907/2018
020 _a878-977-04-8842-3
040 _a EG-GICUC
_bara
_c EG-GICUC
_d EG-GICUC
_erda
041 _aara
082 0 4 _221
_a343.93
_bح س . س
092 0 4 _221
099 _aLaw1 10 343.93 ح س . س 1 ed - 2019
100 0 _aحسام محمد السيد افندي
_eمؤلف.
245 1 2 _aالسياسة الجنائية في مواجهة جرائم الكراهية /
_cحسام محمد السيد افندي
250 _aالطبعة الاولى
264 1 _aالقاهرة :
_bدار النهضة العربية،
_c2019.
300 _a398 صفحة ؛
_c24 سم
336 _2rda content
_atext
337 _2rda media
_aComputer
338 _2rda carrier
_aOnline Resource
504 _a. 393-365ببليوجرافيا: صفحات.
546 _aالنص أغلبه باللغة العربية مع بعض النصوص الإنجليزية
650 1 4 _aعلم السياسة الجنائية
_2qrmak
651 1 _2qrmak
653 1 0 _aالجرائم السياسية
856 4 0 _uhttps://fll.law.cu.edu.eg/fulltext/bks/B10-07195.pdf
905 _a79
_eHassnaa
942 _2ddc
_cBK
_e21
_n0
999 _c49801
_d49801